000 01589nam a22004217a 4500
001 000095506
003 CHAP
005 20220329143113.0
008 060331d2005 mx r 00110 spa d
010 _a91972
011 _a92944
035 _a103511
040 _cCHAP
090 _aTesis
100 1 _aSánchez Lozada, Omar.
_9107665
245 1 0 _aAnálisis de rentabilidad para determinar el periodo óptimo de renovación de plantillas de caña de azúcar (Saccharum officinarum) en Córdoba, Veracruz /
_c/por Omar Sánchez Lozada.
260 _aChapingo, Méx. :
_bEl autor,
_c2005.
300 _a149 h.
502 _aTesis (Ing. Agr. Esp. en Fitotecnia) - - UACH. Departamento de Fitotecnia
590 _aALEPH
_b10
_c20130110
_lUCH01
_h1510
590 _aBATCH-UPD
_b10
_c20130110
_lUCH01
_h0548
590 _aBATCH-UPD
_b10
_c20130410
_lUCH01
_h0230
590 _aBATCH-UPD
_b10
_c20130914
_lUCH01
_h0837
590 _aBATCH-UPD
_b10
_c20140324
_lUCH01
_h1455
590 _aBATCH-UPD
_b10
_c20141002
_lUCH01
_h0829
590 _aCONVERSION
_b10
_c20130109
_lUCH01
_h1351
590 _aE11695DGD
_b10
_c20130530
_lUCH01
_h1414
650 1 4 _aCaña de azúcar
_xAspectos económicos.
_918577
650 1 4 _aCaña de azúcar
_xRendimiento.
_918643
650 1 4 _aCaña de azúcar
_zVeracruz.
_918672
856 _3Finding aid
_uhttp://10.13.5.2/tesis/103511.pdf
_zTeclea aquí
901 _aBK
905 _aLilia
942 _cCD
942 _n0
949 _aTesis
_bBC
_cTES
_d00000001035111
_eTS1
_h45013
_i103511
_sb
949 _aTesis
_bBC
_cTES
_d33724000984183
_eTS2
_fc.2
_h45014
_i103511
_sb
999 _c91972
_d91972